Il bambino perduto e ritrovato : favole per far la pace col bambino che siamo stati /

C'è un bambino nascosto e spesso perduto negli adulti che può risvegliarsi improvvisamente, senza che se ne rendano conto, condizionandoli nei comportamenti e nelle relazioni affettive importanti, in modo particolare nel rapporto con i figli. Forse nel desiderio di evitare ai figli fatiche eccessive...

Täydet tiedot

Tallennettuna:
Bibliografiset tiedot
Päätekijä: Marcoli, Alba (Tekijä)
Aineistotyyppi: Kirja
Kieli:italia
Julkaistu: Milano : A. Mondadori, 1999
Sarja:Oscar saggi ; 616
Aiheet:
Tagit: Lisää tagi
Ei tageja, Lisää ensimmäinen tagi!

MARC

LEADER 00000nam a22000007i 4500
001 IT\ICCU\VIA\0075614
003 ItRI
005 20260115231849.0
008 990617s1999 it |||||| ||||| |||||c
020 |a 8804454083 
020 |a 8804534427 (B 99-10972) 
020 |a 9788804534426 (15. rist. 2007) 
024 3 1 |a 9788804534426 
040 |b ita  |c importazione bologna sebina 
041 7 |a ita  |2 ISO-639-2 
082 |a 155.646  |9 Psicologia degli adulti. Genitori  |2 20 
100 1 |a Marcoli, Alba  |0 IT\ICCU\BVEV\014427  |4 aut 
240 1 3 |a Il bambino perduto e ritrovato  |3 IT\ICCU\GMP\0000105  |9 Marcoli, Alba 
245 1 3 |a Il bambino perduto e ritrovato :  |b favole per far la pace col bambino che siamo stati /  |c Alba Marcoli. 
260 |a Milano :  |b A. Mondadori,  |c 1999 
300 |a 332 p. ;  |c 19 cm. 
520 |a C'è un bambino nascosto e spesso perduto negli adulti che può risvegliarsi improvvisamente, senza che se ne rendano conto, condizionandoli nei comportamenti e nelle relazioni affettive importanti, in modo particolare nel rapporto con i figli. Forse nel desiderio di evitare ai figli fatiche eccessive, a volte i genitori spianano loro troppo la strada, impedendogli così di confrontarsi con le difficoltà che invece aiutano a crescere e a maturare. Altre volte si attendono da loro quei successi che sono mancati a loro stessi impedendo lo sviluppo della personalità dei figli. Il volume continua l'itinerario intrapreso dalla psicologa Alba Marcoli che, avvalendosi di favole scaturite da reali storie, fa prender coscienza su alcuni atteggiamenti degli adulti, spesso retaggio del fanciullo che sono stati e di problematiche ancora irrisolte. 
650 7 |a Genitori  |x Psicologia 
830 0 |a Oscar saggi ;  |v 616  |0 IT\ICCU\CFI\0000434 
942 |2 ddc  |c BK  |n 0 
952 |0 0  |1 0  |4 0  |6 DOC_155_400000000000000_MAR  |7 0  |9 14567  |a BO  |b BO  |d 2026-01-15  |i 8719  |l 0  |o DOC 155.4 MAR  |p BO8719  |r 2026-01-15 23:18:49  |w 2026-01-15  |x [Sebina 5] [1 v.]  |y BK  |z 1 v. 
999 |c 12563  |d 12563